| 000 | 00515nmm a2200169Ia 4500 | ||
|---|---|---|---|
| 008 | 251105s9999||||xx |||||||||||||||||und|| | ||
| 020 | _a8495839253 | ||
| 041 | _aspa | ||
| 100 | _aCamí Vela, María | ||
| 245 | 0 | _aMujeres detrás de la cámara : entrevistas con cineastas españolas 1990-2004 | |
| 264 |
_a[Madrid, España] : _bOcho y Medio, _c2005 |
||
| 300 | _a423 páginas | ||
| 490 | _aCautivos del mal | ||
| 650 | _aFilm studies | ||
| 856 | _uhttps://public.digitaliapublishing.com/a/2578 | ||
| 942 | _cCF | ||
| 999 |
_c73987 _d73987 |
||